Library of the University of Algiers 3
Ibrahim Sultan Cheibout
شعار جامعة الجزائر 3
مكتبة جامعة الجزائر 3
إبراهيم سلطان شيبوط

التنمية وحقوق الإنسان : (رقم التسجيلة. 43103)

تفاصيل مارك
000 -LEADER
fixed length control field 01238nam a2200205Ia 4500
003 - CONTROL NUMBER IDENTIFIER
control field Ost
005 - DATE AND TIME OF LATEST TRANSACTION
control field 20260507075123.0
008 - FIXED-LENGTH DATA ELEMENTS--GENERAL INFORMATION
fixed length control field 260507s9999||||xx |||||||||||||| ||und||
040 ## - CATALOGING SOURCE
Transcribing agency fsecg
041 ## - LANGUAGE CODE
Language code of text/sound track or separate title ara
082 ## - DEWEY DECIMAL CLASSIFICATION NUMBER
Classification number 300
100 ## - MAIN ENTRY--PERSONAL NAME
Personal name عبد الموجود، ابراهيم أبو الحسن
Relator term مؤلف
245 #0 - TITLE STATEMENT
Title التنمية وحقوق الإنسان :
Remainder of title نظرة إجتماعية /
Statement of responsibility, etc. ابراهيم أبو الحسن عبد الموجود
260 ## - PUBLICATION, DISTRIBUTION, ETC.
Place of publication, distribution, etc. الإسكندرية:
Name of publisher, distributor, etc. المكتب الجامعي الحديث,
Date of publication, distribution, etc. 2006
300 ## - PHYSICAL DESCRIPTION
Extent 422 صفحة؛
Dimensions 24 سم
520 ## - SUMMARY, ETC.
Summary, etc. مبادئ وقيم التنمية الإجتماعية مراحلها وتحدياتها وتحديد \ادواتها وأجهزتها-العلاقات والمشاركة المجتمعية-التنمية البشرية والتكنولوجية-الشباب والمرأة في التنمية الإجتماعية-عالمية حقوق الإنسان-التنمية الإجتماعية والنظام العالمي الجديد-الإتجاه التنموي في الخدمة الإجتماعية
653 ## - INDEX TERM--UNCONTROLLED
Uncontrolled term التنمية الإجتماعية
653 ## - INDEX TERM--UNCONTROLLED
Uncontrolled term التنمية البشرية والتكنولوجية
942 ## - ADDED ENTRY ELEMENTS (KOHA)
Koha item type كتب
المقتنيات
Withdrawn status Lost status Source of classification or shelving scheme Damaged status Not for loan Home library Current library Date acquired Serial enumeration / chronology Inventory number Total checkouts Full call number Barcode Date last seen Price effective from Koha item type
    Dewey Decimal Classification   NOT LOAN / إعارة داخلية مكتبة كلية العلوم الإقتصادية والعلوم التجارية وعلوم التسيير مكتبة كلية العلوم الإقتصادية والعلوم التجارية وعلوم التسيير 07/05/2026 الطابق الأرضي 2027/1   أ/2027ن1 2027/1 07/05/2026 07/05/2026 كتب
    Dewey Decimal Classification   Available مكتبة كلية العلوم الإقتصادية والعلوم التجارية وعلوم التسيير مكتبة كلية العلوم الإقتصادية والعلوم التجارية وعلوم التسيير 07/05/2026 الطابق الأرضي 2027/2   أ/2027ن2 2027/2 07/05/2026 07/05/2026 كتب
    Dewey Decimal Classification   Available مكتبة كلية العلوم الإقتصادية والعلوم التجارية وعلوم التسيير مكتبة كلية العلوم الإقتصادية والعلوم التجارية وعلوم التسيير 07/05/2026 الطابق الأرضي 2027/3   أ/2027ن3 2027/3 07/05/2026 07/05/2026 كتب
    Dewey Decimal Classification   Available مكتبة كلية العلوم الإقتصادية والعلوم التجارية وعلوم التسيير مكتبة كلية العلوم الإقتصادية والعلوم التجارية وعلوم التسيير 07/05/2026 الطابق الثاني 2027/4   أ/2027ن4 2027/4 07/05/2026 07/05/2026 كتب
    Dewey Decimal Classification   Available مكتبة كلية العلوم الإقتصادية والعلوم التجارية وعلوم التسيير مكتبة كلية العلوم الإقتصادية والعلوم التجارية وعلوم التسيير 07/05/2026 الطابق الثاني 2027/5   أ/2027ن5 2027/5 07/05/2026 07/05/2026 كتب

موارد الويب المفتوحة


© University of Algiers 3 All Rights Reserved
|
Implemented by LECHELAH Riad